000 00633nam a2200241 a 4500
999 _c4131
_d4131
001 4131
003 BD-JhCC
005 20171125122503.0
008 171123s1986 enka|||| ||a| 00| 0 eng d
020 _a0395395582
035 _a(BD-JhCC)4131
040 _aBD-JhCC
_dBD-JhCC
041 _aeng
082 _a428.6
_bSTA 1986
100 _aStanchfield, Jo M
245 _aWings /
_cJo M Stanchfield; Thomas G. Gunning
260 _aBoston.
_bHoughton Mifflin Company,
_c1986.
300 _aVarious pages :
_c23 cm.
_billu;
650 _aReading (Elementry)
700 _aGunning, Thomas G.
942 _2ddc
_cBK